000 00721nam a2200253Ia 4500
003 OSt
005 20220918174257.0
006 a|||||r|||| 00| 0
007 ta
008 220917b |||||||| |||| 00| 0 eng d
024 _a11,380
037 _cTextual
040 _aARTS
_cARTS
_beng
041 _2eng
_aeng
082 _a/\:87v5.K, M0
100 _aRussell Jeffrey B.
_949803
245 0 _aHistory of witchcraft sorcerers, heretics and pagans
260 _aLondon
_bThames and Hudson
_c1980
300 _a192p. illus
_ccm.
500 _aBibliography 180-83p; Appendix 177-177p
650 _aSPIRITUALISM
942 _h/\:87v5.K, M0
_cTEXL
_2CC
999 _c152491
_d152491